Dictamen emitido por el Excmo. Sr. D. Manuel de Seijas Lozano, fiscal del Tribunal Supremo de Justicia en el espediente consultivo instruido en dicho Tribunal con motivo del progresivo recargo en asuntos de casación. (Record no. 165135)

MARC details
000 -LEADER
campo de control de longitud fija 00875nam a2200193 i 4500
001 - NÚMERO DE CONTROL
campo de control 165135
003 - IDENTIFICADOR DE NÚMERO DE CONTROL
campo de control ES-MaACL
005 - FECHA Y HORA DE LA ÚLTIMA TRANSACCIÓN
campo de control 20250811074513.0
008 - DATOS DE LONGITUD FIJA--INFORMACIÓN GENERAL
campo de control de longitud fija 990126s1859 sp |||| | spa d
100 1# - ENTRADA PRINCIPAL--NOMBRE DE PERSONA
Nombre de persona Seijas Lozano, Manuel.
9 (RLIN) 132636
245 10 - MENCIÓN DEL TÍTULO
Título Dictamen emitido por el Excmo. Sr. D. Manuel de Seijas Lozano, fiscal del Tribunal Supremo de Justicia en el espediente consultivo instruido en dicho Tribunal con motivo del progresivo recargo en asuntos de casación.
260 ## - PUBLICACIÓN, DISTRIBUCIÓN, ETC.
Lugar de publicación, distribución, etc. Madrid :
Nombre del editor, distribuidor, etc. [s.n.],
Fecha de publicación, distribución, etc. 1859 (
Fabricante Imp. de la Revista de Legislación, a cargo de Julián Morales)
300 ## - DESCRIPCIÓN FÍSICA
Extensión 54 p. ;
Dimensiones 23 cm.
597 ## - NOTA DE DESCRIPCIÓN FÍSICA
NOTA DE DESCRIPCIÓN FÍSICA Antep.
650 #4 - PUNTO DE ACCESO ADICIONAL DE MATERIA--TÉRMINO DE MATERIA
Término de materia o nombre geográfico como elemento de entrada Casación civil-
Subdivisión geográfica España.
9 (RLIN) 149475
710 1# - ENTRADA AGREGADA--NOMBRE DE ENTIDAD CORPORATIVA
Nombre de entidad corporativa o nombre de jurisdicción como elemento de entrada España.
Unidad subordinada Tribunal Supremo
9 (RLIN) 4004
852 4# - LOCALIZACIÓN
Ubicación ES-MaACL
Número de control de estantería T-801-F-7
Nota libre - Enc. hol., conservando cub. original
-- - Enc. en un vol. facticio
Holdings
Estatus retirado Estado de pérdida Estado de daño No para préstamo Colección Biblioteca de origen Biblioteca actual Ubicación en estantería Fecha de adquisición Total de préstamos Signatura topográfica completa Código de barras Visto por última vez Precio de reemplazo Tipo de ítem Koha
        Colección de folletos Biblioteca del Ateneo de Madrid Biblioteca del Ateneo de Madrid Depósito folletos 17/01/2008   T-801-F-7 1173149 23/02/2023 23/02/2023 Folleto